| 000 | 00491nam a22001697a 4500 | ||
|---|---|---|---|
| 003 | OSt | ||
| 005 | 20140311130134.0 | ||
| 008 | 130525t xxu||||| |||| 00| 0 eng d | ||
| 020 | _a9814096717 | ||
| 050 |
_aQP 514.2 _b.M429 2001 |
||
| 082 |
_aM 574.19 _bM42 2001 |
||
| 245 |
_aBiochemistry _cMathews, Christopher K.; van Holde, K. E.; Ahern, Kevin G. |
||
| 260 |
_aSingapore _bPearson Education Asia Pte Ltd _c2001 |
||
| 300 |
_a1186 p. : _bill. _c27 cm. |
||
| 942 |
_2lcc _cBK |
||
| 999 |
_c35453 _d35453 |
||